| 000 | 00846nam a2200205Ia 4500 | ||
|---|---|---|---|
| 003 | OSt | ||
| 005 | 20250711124100.0 | ||
| 008 | 191128s2002 mx a br 000 f spa d | ||
| 020 | _a9681508386 | ||
| 040 |
_aCO-JMCR _cCO-JMCR |
||
| 041 | _aspa | ||
| 082 | 1 | 4 |
_aN _bCARa |
| 100 | 1 |
_aCarrol, Lewis, _e autor _96532 |
|
| 245 | 1 | 0 |
_aAlicia en el país de las maravillas / _cLewis carrol |
| 260 |
_aMéxico : _bEditores mexicanos unidos, _c2002 |
||
| 300 |
_a153 páginas : _bilustraciones blanco y negro ; _c19 cm. |
||
| 520 | _aEsta edición presenta la versión íntegra del clásico de Lewis Carroll donde se narran las aventuras de Alicia y otros extraños personajes en el mundo mágico del País de las Maravillas. Incluye una sección final con correspondencia del autor con Alice Lidd | ||
| 650 | 1 | 4 |
_aNovela infantil _91227 |
| 942 |
_2ddc _cBK |
||
| 999 |
_c3356 _d3356 |
||